Le tour du monde en 80 jours - Statistiques

Statistiques générales
  • Ce quiz a été pris 105 fois
    65 depuis la dernière actualisation
  • Le résultat moyen est 23 sur 27
Statistiques - réponses
Pays Villes + Singapour % Correct
Chine Shanghai
100%
France Calais
100%
France Paris
100%
France Mont Cenis
100%
Inde Bombay
100%
Inde allahabad
100%
Inde Bénarés
100%
Inde Calcutta
100%
Royaume uni Londres
100%
Royaume uni Douvres
100%
Royaume uni Liverpool
100%
Royaume uni Londres
100%
Etats unis San Francisco
96%
Etats unis sacramento
96%
Etats unis salt lake city
96%
Etats unis Denver
96%
Etats unis Chicago
96%
Etats unis New - York
96%
Japon Yokohama
96%
Egypte Suez
83%
Irlande Dublin
75%
Italie Brindisi
71%
Yemen Aden
46%
Singapour Singapour
38%
Djibouti de bab el mandeb
33%
Hong - Kong Hong - Kong
29%
Maurice Moka
25%
Aucun quiz correspondant
Distribution des résultats
% des personnes avec chaque résultat
Percentile par nombre de réponses
Votre historique - résultats
Vous n’avez pas pris ce quiz depuis la dernière actualisation